00439nam a2200157Ia 4500003000400000005001700004008004100021040000700062082001900069245010000088260004500188300000700233365001300240650000800253650002000261OSt20230622141654.0210423s1984 xx 000 0 und d cAL a340 223bGOVK aKarnataka zilla parishads taluk panchayat samittis mandal panchyat and nyaya panchyats act 1983 aNew DelhibGovernment Of Karnatakac1984 bPB b8.5cINR aLaw aSocial Sciences